Business information sources

Αποθηκεύτηκε σε:
Λεπτομέρειες βιβλιογραφικής εγγραφής
Κύριος συγγραφέας: Daniells, Lorna M.
Μορφή: Βιβλίο
Γλώσσα:English
Δημοσίευση: Berkeley : University of California Press, c1985
Έκδοση:Rev. ed
Θέματα:
Ετικέτες: Προσθήκη ετικέτας
Δεν υπάρχουν, Καταχωρήστε ετικέτα πρώτοι!

MARC

LEADER 00000cam a2200000 i 4500
001 1/57141
008 950710s1985 a eng d
020 |a 0520053354 
035 |l 10028141 
040 |a GR-MY-UA  |b gre  |e aacr 
041 0 |a eng 
082 0 |a Π 016.33  |2 (19) 
100 1 |a Daniells, Lorna M. 
245 1 0 |a Business information sources /  |c Lorna M. Daniells 
250 |a Rev. ed 
260 |a Berkeley :   |b University of California Press,   |c c1985 
300 |a xvi, 673 σ.;  |c 24 εκ. 
500 |a Περιλαμβάνει ευρετήριο 
650 0 0 |a Business  |x Bibliography. 
650 0 0 |a Management  |x Bibliography. 
852 |a INST  |b CHIOS  |e 19950710  |h 016.33 DAN  |p 005200001419  |q 005200001419  |t REF  |y 23 
909 |a Χ  |b 000650